| 000 | 00762nam a2200253 a 4500 | ||
|---|---|---|---|
| 005 | 20210219153311.0 | ||
| 008 | 991125n 000 0 eng u | ||
| 035 | _aUPN01000089997 | ||
| 100 | _aHARMON, Stephen W | ||
| 222 | _aCOMPUTERS IN THE SCHOOLS : THE INTERDISCIPLINARY JOURNAL OF PRACTICE THEORY AND APPLIED RESEARCH | ||
| 245 | _aNovice linking in hypermedia-based instructional systems | ||
| 260 | _aNew York, EUA | ||
| 300 | _a155-170 | ||
| 362 | _a1994 10, no. 1-2 | ||
| 653 | 0 | _aCOMPUTACION EDUCATIVA | |
| 653 | 0 | _aENSEĆANZA | |
| 653 | 0 | _aHIPERMEDIA | |
| 653 | 0 | _aINFORMACION | |
| 653 | 0 | _aMULTIMEDIA | |
| 653 | 0 | _aRECUPERACION DE INFORMACION | |
| 700 | _aDINSMORE, Sharon H., coaut. | ||
| 904 |
_aAC _b027808 |
||
| 905 | _aArticulo | ||
| 999 |
_c73486 _d73486 |
||